Normal view MARC view

Entry Topical Term

Number of records used in: 1

001 - CONTROL NUMBER

  • control field: 21366

003 - CONTROL NUMBER IDENTIFIER

  • control field: NUST

005 - DATE AND TIME OF LATEST TRANSACTION

  • control field: 20190925113543.0

008 - FIXED-LENGTH DATA ELEMENTS

  • fixed length control field: 190925|| aca||aabn | a|a d

040 ## - CATALOGING SOURCE

  • Original cataloging agency: NUST
  • Transcribing agency: NUST

150 ## - HEADING--TOPICAL TERM

  • Topical term or geographic name entry element:
  • General subdivision: Drugs -- Structure-activity relationships.

670 ## - SOURCE DATA FOUND

  • Source citation: Work cat.: (NUST)24848: Edward Kerns and Li Di 21364, Drug-Like Properties : Concepts, Structure Design and Methods from ADME to Toxicity Optimization, c2016
© 2023 Central Library, National University of Sciences and Technology. All Rights Reserved.